000 01084nam a22002537a 4500
005 20170124102955.0
010 _aB-195181
020 _c300.00
_a8189531018
035 _aB-195181
037 _bCen Lib/Ret
040 _aDPL
_bHN
082 _a821
_bबुद्धिरा
100 _aबुद्धिराजा, सुनीता
_95721
245 _aप्रश्न-पांचाली /
_cसुनीता बुद्धिराजा
246 _aPrashn-Paanchali /
_bby Suneeta Budhiraja
260 _aनयी दिल्ली
_bतेज प्रकाशन
_c2006
270 _bनयी दिल्ली
_a98, शक्ति भवन, दरियागंज
_e110002
300 _ax,215पृ. :
_c21सेमी (सजिल्द)
_bसचित्र
650 _aहिन्दी -- साहित्य
_953032
650 _aहिन्दी -- काव्य
_9779
650 _aHindi -- literature
_953033
650 _aHindi -- Poetry
_953034
942 _2ddc
_cHN
_h821
_mबुद्धिरा
999 _c113610
_d113610